| 000 | 00427nam a2200181Ia 4500 | ||
|---|---|---|---|
| 003 | GCL | ||
| 008 | 140319s9999 xx 000 0 eng d | ||
| 040 |
_aGCL / _cGCL |
||
| 082 | 0 | 4 |
_a363.9 _bF P |
| 100 | 1 | _aFAO | |
| 245 | 1 | 0 |
_aPOPULATION EDUCATION AND NUTRITION / _cFAO |
| 260 |
_a[S.N] : _bF A O ، _c1994 |
||
| 300 | _a116 P | ||
| 650 | 0 | 4 | _aEDUCATION |
| 650 | 0 | 4 | _aPOPULATION |
| 650 | 0 | 4 | _aMIDDLE EAST |
| 942 |
_2ddc _cBK |
||
| 999 |
_c19181 _d19181 |
||